Vista normal
Vista MARC
Entrada Personal Name
Número de registros utilizados en: 1
001 - CONTROL NUMBER
- control field: 15675
003 - CONTROL NUMBER IDENTIFIER
- control field: DLC
005 - DATE AND TIME OF LATEST TRANSACTION
- control field: 20240508162823.0
008 - FIXED-LENGTH DATA ELEMENTS
- fixed length control field: 120702n| azannaabn |n aaa c
010 ## - LIBRARY OF CONGRESS CONTROL NUMBER
- LC control number: no2012088968
035 ## - SYSTEM CONTROL NUMBER
- System control number: (OCoLC)oca09237178
040 ## - CATALOGING SOURCE
- Original cataloging agency: IlMchBWI
- Language of cataloging: spa
- Description conventions: rda
- Transcribing agency: Mx-PuUPA
- Modifying agency: ICrlF
- Modifying agency: Mx-PuUPA
100 1# - HEADING--PERSONAL NAME
- Personal name: Ee, Susan,
372 ## - FIELD OF ACTIVITY
- Field of activity: Novela fantástica
- Field of activity: Películas
- Source of term: lcsh
374 ## - OCCUPATION
- Occupation: Autora
- Occupation: Productoras y directoras de cine
- Source of term: lcsh
375 ## - GENDER
- Gender: mujer
- Source of term: lcdgt
377 ## - ASSOCIATED LANGUAGE
- Language code: eng
670 ## - SOURCE DATA FOUND
- Source citation: Her Angelfall, c2011:
- Information found: t.p. (Susan Ee)
670 ## - SOURCE DATA FOUND
- Source citation: Author's website, July 2, 2012
- Information found: (Susan Ee, fantasy fiction writer, filmmaker, studied creative writing through workshops at Stanford, The Iowa Writers' Workshop and Clarion West)
670 ## - SOURCE DATA FOUND
- Source citation: IMDB, July 2, 2012
- Information found: (Susan Ee, director and producer of movies and shorts)